[Event "Bohemia South-chT 0405"]
[Site "Czech Republic"]
[Date "2005.??.??"]
[Round "?"]
[White "Lokaj, Ales"]
[Black "Vicar, Petr"]
[Result "1/2-1/2"]
[WhiteElo "1835"]
[BlackElo "1920"]
[PlyCount "21"]
[EventDate "2004.10.??"]
[EventType "team"]
[EventRounds "11"]
[EventCountry "CZE"]
[SourceTitle "EXT 2007"]
[Source "ChessBase"]
[SourceDate "2006.11.23"]
[SourceVersion "1"]
[SourceVersionDate "2006.11.23"]
[SourceQuality "1"]

1. e4 e6 2. d4 d5 3. exd5 exd5 4. Nf3 Bd6 5. Nc3 c6 6. Bd3 Bg4 7. h3 Bh5 8. Qe2+ Ne7 9. g4 Bg6 10. Bxg6 hxg6 11. Bg5 1/2-1/2

[Event "Bohemia South-chT 0405"]
[Site "Czech Republic"]
[Date "2004.??.??"]
[Round "?"]
[White "Lokaj, Ales"]
[Black "Stursa, Libor"]
[Result "1/2-1/2"]
[WhiteElo "1835"]
[BlackElo "1890"]
[PlyCount "26"]
[EventDate "2004.10.??"]
[EventType "team"]
[EventRounds "11"]
[EventCountry "CZE"]
[SourceTitle "EXT 2007"]
[Source "ChessBase"]
[SourceDate "2006.11.23"]
[SourceVersion "1"]
[SourceVersionDate "2006.11.23"]
[SourceQuality "1"]

1. e4 d5 2. exd5 Qxd5 3. Nc3 Qd8 4. Nf3 Nf6 5. Bc4 Bg4 6. h3 Bxf3 7. Qxf3 c6 8. d3 Nbd7 9. Bf4 e6 10. 0-0-0 a5 11. a4 Bb4 12. Ne4 Nb6 13. Bg5 Be7 1/2-1/2